El mar de las maravillas /
Nacida como Jacqueline Marty Aboitiz, la chilena Jacqueline Balcells adoptó el apellido de su marido para firmar su trabajo literario, centrado en la escritura para niños y jóvenes. Su narrativa, llena de humor, imaginación y tono lírico, encierra también moraleja y finales aleccionadores para el le...
Gardado en:
| Autor Principal: | |
|---|---|
| Outros autores: | |
| Formato: | Libro |
| Idioma: | Lingua castelá |
| Publicado: |
Santiago, Chile :
Andrés Bello,
1997, c1996
|
| Series: | (A Partir de 11 Años ;
158) |
| Temas: | |
| Etiquetas: |
Sen Etiquetas, Sexa o primeiro en etiquetar este rexistro!
|
MARC
| LEADER | 00000nam^a2200000^a^4500 | ||
|---|---|---|---|
| 001 | 000184863 | ||
| 005 | 20250521000000.0 | ||
| 009 | 20260310102130.389 | ||
| 020 | |a 956-13-1464-9 | ||
| 037 | |a Acervo ITESO - Biblioteca | ||
| 041 | |a ESP | ||
| 082 | |a 808. 899282 |b BAL | ||
| 100 | |a Balcells, Jacqueline |e (autor) | ||
| 245 | 1 | 3 | |a El mar de las maravillas / |c J. Balcells ; il. de A. Jullian. |
| 264 | 4 | |a Santiago, Chile : |b Andrés Bello, |c 1997, c1996 | |
| 300 | |a 172 p. | ||
| 336 | |a texto |b txt |2 rdacontenido | ||
| 337 | |a sin mediación |b n |2 rdamedio | ||
| 338 | |a volumen |b nc |2 rdasoporte | ||
| 440 | 1 | |a (A Partir de 11 Años ; |v 158) | |
| 520 | |a Nacida como Jacqueline Marty Aboitiz, la chilena Jacqueline Balcells adoptó el apellido de su marido para firmar su trabajo literario, centrado en la escritura para niños y jóvenes. Su narrativa, llena de humor, imaginación y tono lírico, encierra también moraleja y finales aleccionadores para el lector. Forma parte de la Lista de Honor del IBBY (International Board of Books for Young People). Imparte talleres literarios para niños. Entre sus títulos están: La pasa encantada (1984), El archipiélago de las puntadas (1987), El polizón de la Santa María (1988), El país del agua (1991), Cuento de los reinos inquietos (1993) y El mar de las maravillas (1996). También tiene obras en colaboración con Ana María Güiraldes. | ||
| 649 | |a XX | ||
| 650 | |a Novela Chilena | ||
| 650 | |a Literatura Chilena - |y Siglo XX | ||
| 650 | |a Literatura Juvenil - |z Chile | ||
| 650 | |a Literatura de Mujeres - |z Chile | ||
| 700 | |a Jullian, Andrés |e (ilustración) | ||
| 910 | |a Fondo General | ||
| 920 | |a Impresos - Libros | ||
| 930 | |a Colección General | ||
| 940 | |a Literatura | ||
| 905 | |a 101 | ||
| 901 | |a 0500126131 |b IT1 |c LIT |u 20250521 | ||
| 902 | |a https://opac.biblio.iteso.mx/vufind/Record/000184863 | ||